Power system analysis for offshore oil and gas facilities /
Saved in:
| Main Author: | |
|---|---|
| Format: | Thesis Book |
| Language: | English |
| Published: |
2011.
|
| Subjects: | |
| Tags: |
Add Tag
No Tags, Be the first to tag this record!
|
| LEADER | 01190cam a2200289 a 4500 | ||
|---|---|---|---|
| 001 | u846829 | ||
| 003 | SIRSI | ||
| 005 | 201112161038 | ||
| 008 | 111216s2011 my a t 000 0 eng m | ||
| 040 | |a UMM |d UMJ | ||
| 090 | |a TK7 |b UM 2011 Ton | ||
| 097 | |a TK7 |b UM 2011 Ton | ||
| 100 | 1 | |a Tong, Yeah Chuen. | |
| 245 | 1 | 0 | |a Power system analysis for offshore oil and gas facilities / |c Tong Yeah Chuen. |
| 260 | |c 2011. | ||
| 300 | |a [1] xv, 236 leaves : |b ill. ; |c 30 cm. | ||
| 502 | |a Dissertation (M.Eng. (Electr.Energy Power Syst.)) -- Jabatan Kejuruteraan Elektrik, Fakulti Kejuruteraan, Universiti Malaya, 2011. | ||
| 504 | |a Bibliography: leaves 236. | ||
| 650 | 0 | |a Electric power systems |x Control. | |
| 650 | 0 | |a Electric utilities |x Management. | |
| 650 | 0 | |a Offshore oil well drilling |x Power supply. | |
| 650 | 0 | |a Petroleum industry and trade |x Power supply. | |
| 710 | 2 | |a Universiti Malaya. |b Jabatan Kejuruteraan Elektrik. | |
| 900 | |a NHS-ZA | ||
| 596 | |a 1 7 | ||
| 999 | |a TK7 UM 2011 TON |w LC |c 1 |i A514878830 |d 2/4/2012 |f 2/4/2012 |g 1 |l STACKS |m P01UTAMA |r Y |s Y |t TESIS |u 29/3/2012 | ||
| 999 | |a TK7 UM 2011 TON |w LC |c 1 |i A514978841 |d 28/5/2014 |f 28/5/2014 |g 1 |l STACKS |m P07JURUTER |r N |s Y |t TESIS |u 23/4/2014 | ||
